000 00684nam a2200253Ia 4500
003 OSt
005 20220925181810.0
006 a|||||r|||| 00| 0
007 ta
008 220923b |||||||| |||| 00| 0 eng d
037 _cGeneral Book
040 _aRTL
_cRTL
_beng
041 _2eng
_aeng
082 _aY2, L6
100 _aHeiss Jerold Ed.
_9254807
245 0 _aFamily roles and interaction
_b An anthropology
250 _a2
260 _aChicago
_bRand McNally
_c1976
300 _axiii,495p
_ccm.
500 _aBibliography: p 474-81
650 _aFamily Sociology
942 _hY2, L6
_cGB
_2CC
999 _c500345
_d500345